ბათუმის შოთა რუსთაველის სახელმწიფო უნივერსიტეტის ბიბლიოთეკა

Анатомия и физиология медоносных пчел / (ბიბ.ჩანაწერი № 58014)

000 -LEADER
fixed length control field 00770nam a22001697a 4500
005 - DATE AND TIME OF LATEST TRANSACTION
control field 20210423144119.0
008 - FIXED-LENGTH DATA ELEMENTS--GENERAL INFORMATION
fixed length control field 210423s1968 ru ||||| |||| 00| 0 rus d
080 ## - UNIVERSAL DECIMAL CLASSIFICATION NUMBER
Universal Decimal Classification number 638.1
100 ## - MAIN ENTRY--PERSONAL NAME
Personal name Таранов, Георгий
9 (RLIN) 11569
245 ## - TITLE STATEMENT
Title Анатомия и физиология медоносных пчел /
Statement of responsibility, etc. Георгий Таранов, ред. Б.М.Балакин
264 ## - PRODUCTION, PUBLICATION, DISTRIBUTION, MANUFACTURE, AND COPYRIGHT NOTICE
Place of production, publication, distribution, manufacture Москва :
Name of producer, publisher, distributor, manufacturer Колос,
Date of production, publication, distribution, manufacture, or copyright notice 1968.
300 ## - PHYSICAL DESCRIPTION
Extent 343 стр,
Dimensions 20 см.
653 ## - INDEX TERM--UNCONTROLLED
keyword Анатомия и физиология медоносных пчел
653 ## - INDEX TERM--UNCONTROLLED
keyword თაფლის ფუტკრების ანატომია და ფიზიოლოგია
700 ## - ADDED ENTRY--PERSONAL NAME
Personal name Балакин, Б.М.
Titles and other words associated with a name რედაქტორი
9 (RLIN) 11570
942 ## - ADDED ENTRY ELEMENTS (KOHA)
Source of classification or shelving scheme
Koha item type წიგნი
ეგზემპლარები
Withdrawn status Lost status Source of classification or shelving scheme Damaged status Not for loan Permanent Location Current Location Shelving location Date acquired Cost, normal purchase price Full call number Barcode Date last seen Copy number Price effective from Koha item type Public note
          ბათუმის შოთა რუსთაველის სახელმწიფო უნივერსიტეტის მთავარი ბიბლიოთეკა ბათუმის შოთა რუსთაველის სახელმწიფო უნივერსიტეტის მთავარი ბიბლიოთეკა წიგნსაცავი 2021-04-23 1.00 638.1 T-19 29264 2021-04-23 29264 2021-04-23 წიგნი 1ლ.66თ.